Suomen pienimmät kunnat pinta-alan mukaan - Statistics

Yleistilastot
  • Tätä visaa on pelattu 36 kertaa
  • Keskiarvotulos 19 / 30
Vastaustilastot
% Oikein
6,00 km² Kauniainen
100%
87,47 km² Geta
80%
112,51 km² Sund
80%
30,79 km² Kerava
77%
11,83 km² Maarianhamina
77%
109,20 km² Eckerö
73%
49,37 km² Raisio
73%
108,52 km² Brändö
70%
135,57 km² Föglö
70%
10,79 km² Kaskinen
70%
102,36 km² Kemi
70%
28,06 km² Sottunga
70%
39,93 km² Järvenpää
67%
99,55 km² Kumlinge
67%
36,45 km² Lumparland
67%
91,81 km² Pietarsaari
67%
63,95 km² Kökar
63%
102,17 km² Vårdö
63%
119,12 km² Hanko
60%
114,10 km² Lemland
60%
132,97 km² Finström
53%
140,32 km² Hammarland
53%
110,31 km² Kempele
50%
117,83 km² Oripää
50%
103,97 km² Pirkkala
47%
95,58 km² Aura
43%
127,90 km² Rusko
43%
125,55 km² Riihimäki
40%
143,09 km² Taivassalo
40%
127,74 km² Harjavalta
33%
Ehtoja vastaavia visoja ei löytynyt
Tulosjakauma
Jokaisen tuloksen saaneiden osuus
Persentiili vastausten määrän mukaan
Tuloshistoriasi
Et ole pelannut tätä visaa